Agreement for the creation of an assured shorthold tenancy under Part 1 of the Housing Act 1988 (England and Wales only) as amended by the Housing Act 1996. (Record no. 97475)

MARC details
000 -LEADER
fixed length control field 01047cam a2200289 4500
001 - CONTROL NUMBER
control field M94938
008 - FIXED-LENGTH DATA ELEMENTS--GENERAL INFORMATION
fixed length control field 090401t1998 xxu||||| |||| 00| 0 eng d
035 ## - SYSTEM CONTROL NUMBER
System control number (Sirsi) u89570
041 ## - LANGUAGE CODE
Language code of text/sound track or separate title eng
050 ## - LIBRARY OF CONGRESS CALL NUMBER
Classification number 346.4104342
-- 18
110 ## - MAIN ENTRY--CORPORATE NAME
Corporate name or jurisdiction name as entry element Royal Institution of Chartered Surveyors
9 (RLIN) 4900
245 ## - TITLE STATEMENT
Title Agreement for the creation of an assured shorthold tenancy under Part 1 of the Housing Act 1988 (England and Wales only) as amended by the Housing Act 1996.
250 ## - EDITION STATEMENT
Edition statement Rev. ed.
260 ## - PUBLICATION, DISTRIBUTION, ETC.
Place of publication, distribution, etc. London
Name of publisher, distributor, etc. RICS
Date of publication, distribution, etc. 1998
300 ## - PHYSICAL DESCRIPTION
Extent 15p.
Dimensions 30cm.
350 ## - PRICE (NR) (BK AM CF MU VM SE) [OBSOLETE]
Price 8.23
490 ## - SERIES STATEMENT
Series statement RICS Conditions of Engagement
490 ## - SERIES STATEMENT
Series statement RICS Model Tenancies
520 ## - SUMMARY, ETC.
Summary, etc. Includes RICS model terms and conditions of engagement for the creation of an assured shorthold tenancy.
520 ## - SUMMARY, ETC.
Summary, etc. Superseded by second edition (ISBN 1842190946). Supersedes first edition (M2187).
650 ## - SUBJECT ADDED ENTRY--TOPICAL TERM
Topical term or geographic name entry element ASSURED SHORTHOLD TENANCIES
650 ## - SUBJECT ADDED ENTRY--TOPICAL TERM
Topical term or geographic name entry element HOUSING ACT 1988 PART I
650 ## - SUBJECT ADDED ENTRY--TOPICAL TERM
Topical term or geographic name entry element HOUSING ACT 1996
690 ## - LOCAL SUBJECT ADDED ENTRY--TOPICAL TERM (OCLC, RLIN)
Topical term or geographic name as entry element Rural
9 (RLIN) 6268
942 ## - ADDED ENTRY ELEMENTS (KOHA)
Suppress in OPAC 0
948 ## - LOCAL PROCESSING INFORMATION (OCLC); SERIES PART DESIGNATOR (RLIN)
c (OCLC) 10/11/1998
Holdings
Withdrawn status Lost status Source of classification or shelving scheme Damaged status Not for loan Home library Current library Shelving location Date acquired Cost, normal purchase price Total Checkouts Full call number Barcode Date last seen Copy number Cost, replacement price Price effective from Koha item type Date last checked out
    Dewey Decimal Classification     London London RICS Boxes 14/09/1999 8.23   RICS 1998/54 30056608 06/08/2019 1 8.23 06/08/2019 Reference material  
    Dewey Decimal Classification     London London RICS Boxes 14/09/1999 8.23   RICS 1998/54 30056609 06/08/2019 2 8.23 06/08/2019 Reference material  
    Dewey Decimal Classification     London London RICS Boxes 14/09/1999 8.23 1 RICS 1998/54 30056610 06/08/2019 3 8.23 06/08/2019 Book 15/09/1999
    Dewey Decimal Classification     London London RICS Boxes 14/09/1999 8.23 11 RICS 1998/54 30056611 06/08/2019 4 8.23 06/08/2019 Book 06/08/2007
    Dewey Decimal Classification     London London RICS Boxes 14/08/2001   1 RICS 1998/54 30064133 06/08/2019 5   06/08/2019 Book 14/08/2001